000 01108nam a2200337Ia 4500
001 57311
003 CO-BoRNBP
005 20250616153508.0
007 ta
008 00003022015 ve a g j spa 0000000000spa00
020 _a9789802571406
040 _aCO-BoRNBP
_bspa
_erda
_cCO-BoRNBP
041 _aspa
084 _aC VEL1
100 1 _aVelthuijs, Max
_d1923-2005
245 1 0 _aSapo y el forastero
_cMax Velthuijs ; traducción Carmen Diana Dearden
250 _aQuinta edición
264 1 _aCaracas
_bEkar
_c2015
300 _a[23] páginas
_bilustraciones a color
_c26 cm
336 _atexto
_btxt
_2rdacontent
337 _asin mediación
_bn
_2rdamedia
338 _avolumen
_bnc
_2rdacarrier
490 0 _aSerie de sapo
534 _tFrog and the stranger
650 0 7 _aSapos en la literatura
_2LEMB
_960290
650 0 0 _aCuentos infantiles holandeses
_ySiglo XX
_2LEMB
_960291
650 0 0 _aLiteratura infantil holandesa
_ySiglo XX
_2LEMB
_960292
650 0 7 _aSolidaridad en la literatura
_2LEMB
_958279
700 1 _aDearden, Carmen Diana
_etraductora
_92519
942 _2loc
_cBKINF
999 _c57311
_d57311